[Event "SC-2021-0-00402"]
[Site "LSS email"]
[Date "2021.03.21"]
[Round "?"]
[White "Vasquez, Juan Carlos"]
[Black "Langheld, Werner"]
[Result "0-1"]
[WhiteElo "1715"]
[BlackElo "1646"]
[PlyCount "28"]
[EventDate "2020.11.22"]
[EventType "tourn (corr)"]
[EventRounds "6"]
[EventCountry "GER"]
[SourceTitle "Corr 2024"]
[Source "ChessBase"]
[SourceDate "2023.10.19"]
[SourceVersion "1"]
[SourceVersionDate "2023.10.19"]
[SourceQuality "1"]

1. e4 d5 2. exd5 Qxd5 3. d4 e5 4. Nc3 Qxd4 5. Qxd4 exd4 6. Nb5 Bb4+ 7. Bd2 Bxd2+ 8. Kxd2 Kd8 9. Nxd4 Nf6 10. Rd1 Ne4+ 11. Ke3 Nd6 12. f3 Ke7 13. Bd3 a6 14. Nge2 c5 0-1

[Event "LSS No Engine Cup 89 Preliminary 6"]
[Site "LSS email"]
[Date "2013.06.14"]
[Round "?"]
[White "Lauer, Fredric"]
[Black "Vasquez, Juan Carlos"]
[Result "0-1"]
[WhiteElo "1081"]
[BlackElo "1551"]
[PlyCount "64"]
[EventDate "2013.06.15"]
[EventType "tourn (corr)"]
[EventRounds "6"]
[EventCountry "GER"]
[SourceTitle "Telechess CBM 167"]
[Source "ChessBase"]
[SourceDate "2015.07.13"]
[SourceVersion "1"]
[SourceVersionDate "2015.07.13"]
[SourceQuality "1"]

1. e4 e5 2. Nf3 Nc6 3. Bb5 a6 4. Bxc6 dxc6 5. 0-0 Bg4 6. h3 Bxf3 7. Qxf3 Qf6 8. Qb3 0-0-0 9. Nc3 Bc5 10. d3 Qe7 11. a4 Nf6 12. Bg5 Rhe8 13. Kh1 Qe6 14. Qxe6+ Rxe6 15. f4 exf4 16. Bxf4 Bd4 17. Ra3 c5 18. Nd1 c4 19. dxc4 Nxe4 20. Rd3 Nc5 21. Rg3 Nxa4 22. b3 Nc5 23. Nc3 f5 24. Nd5 Ne4 25. Rgf3 c6 26. Nb4 g5 27. Bc1 g4 28. Rxf5 Ng3+ 29. Kh2 Nxf1+ 30. Rxf1 g3+ 31. Kxg3 Rg8+ 32. Kh2 Re2 0-1

[Event "LSS No Engine Cup 89 Preliminary 6"]
[Site "LSS email"]
[Date "2013.06.14"]
[Round "?"]
[White "Vasquez, Juan Carlos"]
[Black "Klawitter, Bernd"]
[Result "1-0"]
[WhiteElo "1551"]
[BlackElo "513"]
[PlyCount "59"]
[EventDate "2013.06.15"]
[EventType "tourn (corr)"]
[EventRounds "6"]
[EventCountry "GER"]
[SourceTitle "Telechess CBM 167"]
[Source "ChessBase"]
[SourceDate "2015.07.13"]
[SourceVersion "1"]
[SourceVersionDate "2015.07.13"]
[SourceQuality "1"]

1. e4 e6 2. d4 d5 3. e5 c5 4. c3 Nc6 5. Nf3 Bd7 6. Bd3 h6 7. 0-0 c4 8. Bc2 a5 9. b3 b5 10. bxc4 bxc4 11. a4 Nge7 12. Ba3 Ng6 13. Bxf8 Nxf8 14. Na3 Ne7 15. Nb5 Bxb5 16. axb5 Nd7 17. Qc1 Nb6 18. Ra3 0-0 19. Qb2 Ng6 20. Rfa1 Qc7 21. Rxa5 Rxa5 22. Rxa5 Ra8 23. Ra6 Qb7 24. Qa3 Nf8 25. Ne1 Nfd7 26. f4 g6 27. g4 Kg7 28. f5 g5 29. fxe6 fxe6 30. Qe7+ 1-0

[Event "LSS No Engine Cup 89 Preliminary 6"]
[Site "LSS email"]
[Date "2013.06.14"]
[Round "?"]
[White "Vasquez, Juan Carlos"]
[Black "Zeidan, Mohammad"]
[Result "1/2-1/2"]
[WhiteElo "1551"]
[BlackElo "1345"]
[PlyCount "103"]
[EventDate "2013.06.15"]
[EventType "tourn (corr)"]
[EventRounds "6"]
[EventCountry "GER"]
[SourceTitle "Telechess CBM 167"]
[Source "ChessBase"]
[SourceDate "2015.07.13"]
[SourceVersion "1"]
[SourceVersionDate "2015.07.13"]
[SourceQuality "1"]

1. e4 Nc6 2. d4 e5 3. d5 Nce7 4. Nf3 Ng6 5. Bd3 Nf6 6. 0-0 a5 7. Be3 b6 8. Nc3 Bc5 9. Bxc5 bxc5 10. d6 cxd6 11. Bb5 Qe7 12. Nd2 Bb7 13. Nc4 d5 14. exd5 0-0 15. d6 Qe6 16. f3 e4 17. fxe4 Nxe4 18. Qd3 Nxc3 19. Qxc3 Nh4 20. Rae1 Qd5 21. Re2 Nxg2 22. Nb6 Qxd6 23. Nxa8 Nh4 24. Rd2 Qe7 25. Rxd7 Qe4 26. Qh3 Bxa8 27. Bd3 Qc6 28. Rf4 Ng6 29. Kf2 h6 30. Bxg6 Qxg6 31. Rd2 Re8 32. Qg4 Qc6 33. Re2 Rf8 34. h4 Bb7 35. h5 Bc8 36. Qf3 Qd6 37. Qe4 Be6 38. Qe5 Qd1 39. Qxc5 Rc8 40. Qd4 Qb1 41. a3 Qh1 42. Rh4 Qc1 43. c3 Qg5 44. Re5 Qc1 45. Qb6 Rf8 46. a4 Bd7 47. Rd4 Qh1 48. Qxa5 Bc6 49. Qc7 Bf3 50. Qc5 Rb8 51. Rd2 Bc6 52. Qe3 1/2-1/2

[Event "RD-2012-0-00081"]
[Site "LSS email"]
[Date "2013.04.07"]
[Round "?"]
[White "Camps, Jean Pierre"]
[Black "Vasquez, Juan Carlos"]
[Result "0-1"]
[WhiteElo "1629"]
[BlackElo "1548"]
[PlyCount "80"]
[EventDate "2012.11.28"]
[EventType "tourn (corr)"]
[EventRounds "6"]
[EventCountry "GER"]
[SourceTitle "Telechess CBM 161"]
[Source "ChessBase"]
[SourceDate "2014.07.16"]
[SourceVersion "1"]
[SourceVersionDate "2014.07.16"]
[SourceQuality "1"]

1. e4 e5 2. Nc3 Nc6 3. f4 exf4 4. Nf3 Nf6 5. e5 Nh5 6. d4 d5 7. exd6 Bxd6 8. d5 Ne7 9. Bb5+ Bd7 10. Bxd7+ Qxd7 11. 0-0 Qg4 12. Nd4 Qxd1 13. Rxd1 0-0-0 14. Ne4 Be5 15. Nf3 Rxd5 16. Rxd5 Nxd5 17. Nxe5 Re8 18. Nxf7 Rxe4 19. Kf1 Nb4 20. Ng5 Re8 21. Bd2 Nxc2 22. Rc1 Ne3+ 23. Bxe3 fxe3 24. Nh3 Nf6 25. Ke2 Nd5 26. g3 Re5 27. Nf4 Nxf4+ 28. gxf4 Rh5 29. Rh1 Rh3 30. f5 Kd7 31. Rg1 g6 32. fxg6 hxg6 33. Rg2 Ke7 34. Rxg6 Rxh2+ 35. Kxe3 Rxb2 36. a4 Ra2 37. Rg4 Ra3+ 38. Kd2 Kd6 39. Kc2 Kc6 40. Kb2 Re3 0-1

[Event "RD-2012-0-00081"]
[Site "LSS email"]
[Date "2013.04.07"]
[Round "?"]
[White "Henke, Simon"]
[Black "Vasquez, Juan Carlos"]
[Result "0-1"]
[WhiteElo "1405"]
[BlackElo "1548"]
[PlyCount "44"]
[EventDate "2012.11.28"]
[EventType "tourn (corr)"]
[EventRounds "6"]
[EventCountry "GER"]
[SourceTitle "Telechess CBM 161"]
[Source "ChessBase"]
[SourceDate "2014.07.16"]
[SourceVersion "1"]
[SourceVersionDate "2014.07.16"]
[SourceQuality "1"]

1. d4 d5 2. Nf3 h6 3. e3 Bf5 4. c4 e6 5. Qb3 Nc6 6. a3 Rb8 7. Nc3 Nf6 8. cxd5 exd5 9. Bb5 Bd6 10. Bd2 a6 11. Be2 Be6 12. 0-0 Ne4 13. Qc2 Nxd2 14. Qxd2 0-0 15. Rac1 Na5 16. Qc2 b5 17. Ne1 c6 18. f4 Nc4 19. Rf3 Re8 20. Nb1 Bg4 21. Rg3 Bxe2 22. Qxe2 Bxf4 0-1

[Event "RD-2012-0-00081"]
[Site "LSS email"]
[Date "2013.04.07"]
[Round "?"]
[White "Laczay, Istvan"]
[Black "Vasquez, Juan Carlos"]
[Result "1-0"]
[WhiteElo "1590"]
[BlackElo "1548"]
[PlyCount "45"]
[EventDate "2012.11.28"]
[EventType "tourn (corr)"]
[EventRounds "6"]
[EventCountry "GER"]
[SourceTitle "Telechess CBM 161"]
[Source "ChessBase"]
[SourceDate "2014.07.16"]
[SourceVersion "1"]
[SourceVersionDate "2014.07.16"]
[SourceQuality "1"]

1. d4 d5 2. c4 Bf5 3. Qb3 b6 4. cxd5 Nf6 5. Nc3 e6 6. Nf3 exd5 7. Bg5 c6 8. e4 dxe4 9. Ne5 Be6 10. Bc4 Qxd4 11. Bxe6 Qxe5 12. Bxf7+ Ke7 13. Rd1 Nbd7 14. Be3 a5 15. h3 Rb8 16. Bd4 Qf5 17. f3 a4 18. Nxa4 Ne5 19. Bxe5 Qxe5 20. f4 Qf5 21. g4 Qc8 22. f5 b5 23. Nc5 1-0

[Event "P-4089"]
[Site "IECC email"]
[Date "2006.02.18"]
[Round "?"]
[White "Vasquez, Juan Carlos"]
[Black "Montalvo, Juan"]
[Result "0-1"]
[WhiteElo "1807"]
[BlackElo "2072"]
[PlyCount "78"]
[EventDate "2006.??.??"]
[EventType "tourn (corr)"]
[SourceTitle "Corr 2020"]
[Source "ChessBase"]
[SourceDate "2019.09.30"]
[SourceVersion "1"]
[SourceVersionDate "2019.09.30"]
[SourceQuality "1"]
[WhiteTeam "Guatemala"]
[BlackTeam "Puerto Rico"]
[WhiteTeamCountry "GUA"]
[BlackTeamCountry "PUR"]

1. e4 c6 2. d4 d5 3. e5 Bf5 4. Nf3 e6 5. Be2 Ne7 6. 0-0 h6 7. Be3 Qb6 8. b3 Bg4 9. c4 Nf5 10. c5 Qc7 11. Bd3 Nh4 12. Nbd2 Nd7 13. Be2 Nxf3+ 14. Bxf3 Bf5 15. Bg4 Bd3 16. Re1 Be7 17. b4 b6 18. Qf3 a5 19. a3 Qb7 20. Bh5 g6 21. Bg4 h5 22. Bh3 bxc5 23. bxc5 Qb2 24. Qd1 Rb8 25. Nf3 Rb3 26. a4 0-0 27. Qd2 Qxd2 28. Bxd2 Be4 29. Re3 Rfb8 30. Rxb3 Rxb3 31. Ne1 g5 32. f3 Bb1 33. Kf2 Nxe5 34. dxe5 Bxc5+ 35. Ke2 Bd4 36. Rxb1 Rxb1 37. Bxg5 Bxe5 38. Nd3 Bxh2 39. Bf6 Rb3 0-1

[Event "IECG CD.2005.0.00100 email"]
[Site "IECG email"]
[Date "2005.09.21"]
[Round "?"]
[White "Altea, Eduardo"]
[Black "Vasquez, Juan Carlos"]
[Result "1/2-1/2"]
[WhiteElo "1545"]
[BlackElo "1485"]
[PlyCount "48"]
[EventDate "2005.09.21"]
[EventType "tourn (corr)"]
[EventRounds "6"]
[SourceTitle "Corr 2008"]
[Source "ChessBase"]
[SourceDate "2008.06.24"]
[SourceVersion "1"]
[SourceVersionDate "2008.06.24"]
[SourceQuality "1"]

1. e4 c5 2. c3 d5 3. exd5 Qxd5 4. d4 Nf6 5. Nf3 Nc6 6. Be2 cxd4 7. cxd4 Qa5+ 8. Nbd2 Bf5 9. 0-0 e6 10. Nc4 Qc7 11. Nfe5 Nd5 12. Nxc6 bxc6 13. Bg4 Bg6 14. Bd2 Bd6 15. Nxd6+ Qxd6 16. Qa4 Nb6 17. Qb4 Qxb4 18. Bxb4 Nd5 19. Bc5 Kd7 20. Rfe1 Rhb8 21. b3 a5 22. Bf3 a4 23. Bxd5 cxd5 24. b4 Rc8 1/2-1/2

[Event "IECG CD.2005.0.00100 email"]
[Site "IECG email"]
[Date "2005.09.21"]
[Round "?"]
[White "Boyd, John Michael"]
[Black "Vasquez, Juan Carlos"]
[Result "1/2-1/2"]
[WhiteElo "1459"]
[BlackElo "1485"]
[PlyCount "74"]
[EventDate "2005.09.21"]
[EventType "tourn (corr)"]
[EventRounds "6"]
[SourceTitle "Corr 2008"]
[Source "ChessBase"]
[SourceDate "2008.06.24"]
[SourceVersion "1"]
[SourceVersionDate "2008.06.24"]
[SourceQuality "1"]

1. d4 d5 2. Nf3 e6 3. Bf4 Bd6 4. e3 Bxf4 5. exf4 Ne7 6. Bd3 Qd6 7. Qd2 Nd7 8. Nc3 c5 9. 0-0 0-0 10. Rfe1 c4 11. Bf1 a6 12. a4 Nf6 13. a5 Bd7 14. g3 b5 15. axb6 Qxb6 16. Reb1 a5 17. b3 cxb3 18. Rxb3 Qc7 19. Ne5 Rfb8 20. Rxb8+ Qxb8 21. Bd3 Nc6 22. Kg2 Qc7 23. Bb5 Be8 24. Bxc6 Bxc6 25. Qd3 a4 26. f5 Nd7 27. Nxc6 Qxc6 28. fxe6 fxe6 29. Nb5 e5 30. dxe5 Nxe5 31. Qd4 Qxb5 32. Qxe5 Qc6 33. Ra3 d4+ 34. Kh3 Rd8 35. Qa5 Rd6 36. Qxa4 Rh6+ 37. Kg4 Qe6+ 1/2-1/2

[Event "IECC Swiss-472.4"]
[Site "IECC email"]
[Date "2005.09.07"]
[Round "?"]
[White "Vasquez, Juan Carlos"]
[Black "Bladyko, Pawel"]
[Result "1-0"]
[WhiteElo "1802"]
[BlackElo "1798"]
[PlyCount "91"]
[EventDate "2005.??.??"]
[EventType "swiss (corr)"]
[EventRounds "1"]
[SourceTitle "Corr 2020"]
[Source "ChessBase"]
[SourceDate "2019.09.30"]
[SourceVersion "1"]
[SourceVersionDate "2019.09.30"]
[SourceQuality "1"]
[WhiteTeam "Guatemala"]
[BlackTeam "Poland"]
[WhiteTeamCountry "GUA"]
[BlackTeamCountry "POL"]

1. d4 d5 2. c4 dxc4 3. Nf3 b5 4. a4 c6 5. e3 Nf6 6. b3 Be6 7. axb5 cxb3 8. Nfd2 Bd5 9. Nc3 e6 10. Nxd5 cxd5 11. Bd3 Bd6 12. Qxb3 0-0 13. 0-0 Nbd7 14. Ba3 Bxa3 15. Rxa3 Qc7 16. Qa2 Rfb8 17. Nb3 Nb6 18. Nc5 Ng4 19. g3 Qe7 20. Ra1 Nc8 21. e4 e5 22. Qe2 exd4 23. Na6 dxe4 24. Qxe4 Qxe4 25. Bxe4 Nd6 26. Bxa8 Rxa8 27. Nc7 Rd8 28. Rxa7 Kf8 29. Ra8 Rxa8 30. Rxa8+ Ke7 31. Nd5+ Ke6 32. Nf4+ Kd7 33. Ra7+ Kc8 34. Nd3 Nf6 35. Ne5 Nxb5 36. Rxf7 Ne8 37. Kf1 h5 38. Re7 Nbc7 39. f4 Kb7 40. Nf3 Kc6 41. Nxd4+ Kd5 42. Nf5 g6 43. Ng7 Kd6 44. Rxe8 Nxe8 45. Nxe8+ Ke7 46. Ng7 1-0

[Event "IECC CL4-2005.09 email"]
[Site "IECC email"]
[Date "2005.07.23"]
[Round "?"]
[White "Basson, Heinrich"]
[Black "Vasquez, Juan Carlos"]
[Result "1/2-1/2"]
[WhiteElo "1748"]
[BlackElo "1804"]
[PlyCount "50"]
[EventDate "2005.??.??"]
[EventType "tourn (corr)"]
[EventRounds "4"]
[SourceTitle "Corr 2008"]
[Source "ChessBase"]
[SourceDate "2008.06.24"]
[SourceVersion "1"]
[SourceVersionDate "2008.06.24"]
[SourceQuality "1"]

1. e4 c5 2. Nf3 d6 3. d4 cxd4 4. Nxd4 Nf6 5. Nc3 g6 6. Be2 Bg7 7. Be3 0-0 8. 0-0 Nc6 9. Re1 a6 10. h3 Bd7 11. Nxc6 bxc6 12. Rb1 Be6 13. a4 Qc7 14. Qd2 Rfb8 15. b3 a5 16. Bd3 Rb4 17. Bg5 Re8 18. Bh6 Bh8 19. Rbd1 Nd7 20. Be3 Nc5 21. Bxc5 dxc5 22. Na2 Rd4 23. Qe3 Red8 24. e5 c4 25. bxc4 Bxc4 1/2-1/2

[Event "IECC CL4-2005.09 email"]
[Site "IECC email"]
[Date "2005.07.23"]
[Round "?"]
[White "Vasquez, Juan Carlos"]
[Black "Mauro, Danilo"]
[Result "1-0"]
[WhiteElo "1791"]
[BlackElo "1464"]
[PlyCount "55"]
[EventDate "2005.??.??"]
[EventType "tourn (corr)"]
[EventRounds "4"]
[SourceTitle "Corr 2008"]
[Source "ChessBase"]
[SourceDate "2008.06.24"]
[SourceVersion "1"]
[SourceVersionDate "2008.06.24"]
[SourceQuality "1"]

1. e4 e6 2. d4 d5 3. Nc3 Bb4 4. e5 c5 5. Bd2 Ne7 6. Nb5 Bxd2+ 7. Qxd2 0-0 8. dxc5 Nd7 9. Qc3 f6 10. Nf3 fxe5 11. Nxe5 Nxe5 12. Qxe5 Nc6 13. Qe3 Nb4 14. Bd3 Nxd3+ 15. cxd3 b6 16. 0-0 bxc5 17. Qxc5 Qb6 18. Qxb6 axb6 19. Rfe1 Rf6 20. Nd4 Bd7 21. Nf3 Rf5 22. a3 Rff8 23. Rac1 Ra7 24. h3 Rb7 25. Ne5 Bb5 26. d4 Re8 27. Re3 h6 28. Rb3 1-0

[Event "IECG TE.2003.S.01202 email"]
[Site "IECG email"]
[Date "2005.04.25"]
[Round "?"]
[White "Vasquez, Juan Carlos"]
[Black "Johansson, Mats"]
[Result "0-1"]
[WhiteElo "1491"]
[BlackElo "2257"]
[PlyCount "72"]
[EventDate "2005.04.25"]
[EventType "tourn (corr)"]
[EventRounds "12"]
[SourceTitle "Corr 2008"]
[Source "ChessBase"]
[SourceDate "2008.06.24"]
[SourceVersion "1"]
[SourceVersionDate "2008.06.24"]
[SourceQuality "1"]

1. e4 d5 2. exd5 Qxd5 3. Nc3 Qd6 4. d4 Nf6 5. Bd3 Nc6 6. Nge2 a6 7. Bf4 Qd8 8. 0-0 e6 9. Qd2 Bd6 10. Ne4 Bxf4 11. Qxf4 0-0 12. Rad1 Nd5 13. Qg3 Ncb4 14. Rfe1 Nxd3 15. Rxd3 b6 16. c4 Nb4 17. Rd2 Bb7 18. d5 Qe7 19. a3 exd5 20. Ng5 Nc6 21. cxd5 Na7 22. Rc1 Nb5 23. Nf4 Rae8 24. h3 Nd6 25. Nh5 g6 26. Rdc2 c6 27. dxc6 Bc8 28. Re2 Qxe2 29. Nf6+ Kg7 30. Qxd6 Rd8 31. Qb4 Qd2 32. Qxd2 Rxd2 33. b4 Rd6 34. Nfe4 Rd4 35. Ng3 Rfd8 36. Kh2 Rd1 0-1

[Event "IECG TE.2003.S.01202 email"]
[Site "IECG email"]
[Date "2005.04.25"]
[Round "?"]
[White "Vasquez, Juan Carlos"]
[Black "Wurm, Tamas"]
[Result "1-0"]
[WhiteElo "1491"]
[BlackElo "1155"]
[PlyCount "45"]
[EventDate "2005.04.25"]
[EventType "tourn (corr)"]
[EventRounds "12"]
[SourceTitle "Corr 2008"]
[Source "ChessBase"]
[SourceDate "2008.06.24"]
[SourceVersion "1"]
[SourceVersionDate "2008.06.24"]
[SourceQuality "1"]

1. e4 d5 2. exd5 Qxd5 3. Nc3 Qd6 4. d4 Nf6 5. Bd3 g6 6. Nge2 a6 7. Bf4 Qd8 8. Qd2 Bg7 9. Bh6 0-0 10. Bxg7 Kxg7 11. h4 Nc6 12. h5 Nxd4 13. hxg6 fxg6 14. Qh6+ Kf7 15. 0-0-0 c5 16. Ne4 Nxe4 17. Qxh7+ Kf6 18. Ng3 Nxg3 19. Qxg6+ Ke5 20. Rde1+ Nge2+ 21. Bxe2 Rf6 22. Bb5+ Kd6 23. Qg3+ 1-0

[Event "IECG TE.2003.S.01202 email"]
[Site "IECG email"]
[Date "2005.04.25"]
[Round "?"]
[White "Wurm, Tamas"]
[Black "Vasquez, Juan Carlos"]
[Result "1/2-1/2"]
[WhiteElo "1155"]
[BlackElo "1491"]
[PlyCount "40"]
[EventDate "2005.04.25"]
[EventType "tourn (corr)"]
[EventRounds "12"]
[SourceTitle "Corr 2008"]
[Source "ChessBase"]
[SourceDate "2008.06.24"]
[SourceVersion "1"]
[SourceVersionDate "2008.06.24"]
[SourceQuality "1"]

1. e4 d5 2. exd5 Qxd5 3. Nc3 Qd6 4. d4 g6 5. Nf3 Bg7 6. Nb5 Qb6 7. Bf4 Na6 8. Bc4 c6 9. Nc3 Bg4 10. Bxf7+ Kxf7 11. Ng5+ Kf8 12. Qxg4 Qxb2 13. Ne6+ Kf7 14. Ne4 Qxa1+ 15. Kd2 Qxa2 16. N4g5+ Ke8 17. Nxg7+ Kf8 18. N7e6+ Ke8 19. Ng7+ Kf8 20. N7e6+ Ke8 1/2-1/2

[Event "IECC CL4-2005.06 email"]
[Site "IECC email"]
[Date "2005.04.20"]
[Round "?"]
[White "Rogovsky, Daniel Javier"]
[Black "Vasquez, Juan Carlos"]
[Result "0-1"]
[WhiteElo "1777"]
[BlackElo "1770"]
[PlyCount "62"]
[EventDate "2005.??.??"]
[EventType "tourn (corr)"]
[EventRounds "4"]
[SourceTitle "Corr 2015"]
[Source "ChessBase"]
[SourceDate "2015.07.17"]
[SourceVersion "1"]
[SourceVersionDate "2015.07.17"]
[SourceQuality "1"]
[WhiteTeam "Argentina"]
[BlackTeam "Guatemala"]
[WhiteTeamCountry "ARG"]
[BlackTeamCountry "GUA"]

1. e4 c5 2. Nf3 d6 3. d4 cxd4 4. Nxd4 Nf6 5. Nc3 g6 6. f3 Bg7 7. Be3 0-0 8. Qd2 Nc6 9. 0-0-0 Nxd4 10. Bxd4 Be6 11. g4 Qa5 12. a3 a6 13. h4 b5 14. h5 b4 15. Nb1 Rab8 16. axb4 Rxb4 17. hxg6 fxg6 18. Bc3 Qa2 19. Qh2 h5 20. gxh5 Bh6+ 21. Rd2 Rxb2 22. Bxb2 Rb8 23. Kd1 Rxb2 24. Nc3 Qa1+ 25. Ke2 Qc1 26. f4 Rxc2 27. Rxc2 Qxc2+ 28. Ke1 Qxc3+ 29. Qd2 Qg3+ 30. Qf2 Qa3 31. Qc2 Bxf4 0-1

[Event "IECC CL4-2005.06 email"]
[Site "IECC email"]
[Date "2005.04.20"]
[Round "?"]
[White "Vasquez, Juan Carlos"]
[Black "Hasidume, Shuji"]
[Result "0-1"]
[WhiteElo "1812"]
[BlackElo "1720"]
[PlyCount "116"]
[EventDate "2005.??.??"]
[EventType "tourn (corr)"]
[EventRounds "4"]
[SourceTitle "Corr 2008"]
[Source "ChessBase"]
[SourceDate "2008.06.24"]
[SourceVersion "1"]
[SourceVersionDate "2008.06.24"]
[SourceQuality "1"]

1. e4 e6 2. a3 d5 3. e5 c5 4. Nf3 Nc6 5. c3 d4 6. Bd3 Nge7 7. 0-0 Ng6 8. Re1 Be7 9. b4 a6 10. Qb3 dxc3 11. Bxg6 fxg6 12. dxc3 0-0 13. bxc5 Bxc5 14. Qc4 Be7 15. a4 Na5 16. Qg4 Nb3 17. Ra2 Nxc1 18. Rxc1 Rf5 19. Nbd2 g5 20. a5 Bd7 21. Nd4 Rf4 22. Qg3 Qc7 23. Qe3 Raf8 24. N2b3 Qc4 25. Rb1 Be8 26. Qe2 Qc8 27. Qe1 Bg6 28. Rd1 Qc4 29. Rad2 Rc8 30. h3 g4 31. Qe2 Re4 32. Qxc4 Rxc4 33. hxg4 Rxc3 34. f4 Be8 35. Rf1 Bb4 36. Rb2 Ba4 37. Rf3 Rxf3 38. gxf3 Rxf4 39. Nxe6 Bc3 40. Nxf4 Bxb2 41. Nd3 Bc3 42. Nbc5 Bc6 43. Kf2 Kf7 44. Ke3 Bxa5 45. f4 g6 46. f5 gxf5 47. gxf5 Bb6 48. Kf4 Bb5 49. f6 Kg6 50. Ke4 Bc6+ 51. Kd4 Kf7 52. Nf4 a5 53. Kc4 Bxc5 54. Kxc5 a4 55. Kb4 h6 56. Nh5 Be8 57. Ka3 b6 58. Kb4 b5 0-1

[Event "IECC Swiss-472.3"]
[Site "IECC email"]
[Date "2005.01.24"]
[Round "?"]
[White "Wozniak, Zbigniew"]
[Black "Vasquez, Juan Carlos"]
[Result "0-1"]
[WhiteElo "1838"]
[BlackElo "1773"]
[PlyCount "92"]
[EventDate "2005.??.??"]
[EventType "swiss (corr)"]
[EventRounds "1"]
[SourceTitle "Corr 2020"]
[Source "ChessBase"]
[SourceDate "2019.09.30"]
[SourceVersion "1"]
[SourceVersionDate "2019.09.30"]
[SourceQuality "1"]
[WhiteTeam "Poland"]
[BlackTeam "Guatemala"]
[WhiteTeamCountry "POL"]
[BlackTeamCountry "GUA"]

1. e4 c5 2. Nf3 d6 3. d4 cxd4 4. Nxd4 Nf6 5. Nc3 g6 6. Be3 Bg7 7. f3 0-0 8. Qd2 Nc6 9. Bc4 Bd7 10. h4 Ne5 11. Bb3 a5 12. a3 a4 13. Ba2 b5 14. Ncxb5 Rb8 15. c4 Rc8 16. Rc1 d5 17. exd5 Nxd5 18. 0-0 Nxe3 19. Qxe3 e6 20. g3 Qb6 21. Rc3 Rfd8 22. b3 axb3 23. Bxb3 Nxc4 24. Bxc4 Rxc4 25. Rxc4 Bxb5 26. Nf5 Qa6 27. Nxg7 Bxc4 28. Rc1 Qd6 29. Kh2 Qd2+ 30. Qxd2 Rxd2+ 31. Kh3 Bb5 32. Nxe6 fxe6 33. Rc8+ Kf7 34. Rc7+ Kf6 35. Rxh7 Bf1+ 36. Kg4 Be2 37. Ra7 Rd4+ 38. Kh3 Bxf3 39. a4 e5 40. a5 Bg4+ 41. Kg2 Rd2+ 42. Kg1 Bf3 43. g4 e4 44. Ra8 Rg2+ 45. Kf1 Ke5 46. Rf8 Kd4 0-1

[Event "IECG CE.2004.0.00071 email"]
[Site "IECG email"]
[Date "2004.04.23"]
[Round "?"]
[White "Vasquez, Juan Carlos"]
[Black "Herker, Christian"]
[Result "1-0"]
[WhiteElo "1342"]
[BlackElo "1399"]
[PlyCount "71"]
[EventDate "2004.04.23"]
[EventType "tourn (corr)"]
[EventRounds "6"]
[SourceTitle "Corr 2008"]
[Source "ChessBase"]
[SourceDate "2008.06.24"]
[SourceVersion "1"]
[SourceVersionDate "2008.06.24"]
[SourceQuality "1"]

1. e4 c5 2. Nf3 Nc6 3. d4 cxd4 4. Nxd4 Nf6 5. Nc3 e5 6. Ndb5 d6 7. Nd5 Nxd5 8. exd5 Ne7 9. Be2 Ng6 10. 0-0 a6 11. Nc3 Be7 12. Bd3 0-0 13. Re1 f5 14. Qh5 e4 15. Bc4 Ne5 16. Be2 Bd7 17. a4 Rc8 18. Bf4 Bh4 19. g3 Bf6 20. Ra3 Nc4 21. Bxc4 Rxc4 22. a5 Qc7 23. Rb1 Rc5 24. h3 Be8 25. Qe2 Bf7 26. Qd2 Bxc3 27. Rxc3 Qxa5 28. b4 Qa2 29. bxc5 Qxb1+ 30. Kh2 dxc5 31. Rxc5 Rd8 32. Bg5 Rf8 33. d6 Bh5 34. d7 Bf3 35. Qc1 Qb6 36. Qe3 1-0

[Event "IECG CE.2004.0.00071 email"]
[Site "IECG email"]
[Date "2004.04.23"]
[Round "?"]
[White "Vasquez, Juan Carlos"]
[Black "Mori, Roberto"]
[Result "1-0"]
[WhiteElo "1342"]
[BlackElo "1235"]
[PlyCount "51"]
[EventDate "2004.04.23"]
[EventType "tourn (corr)"]
[EventRounds "6"]
[SourceTitle "Corr 2008"]
[Source "ChessBase"]
[SourceDate "2008.06.24"]
[SourceVersion "1"]
[SourceVersionDate "2008.06.24"]
[SourceQuality "1"]

1. e4 e5 2. Nf3 Nc6 3. Bb5 a6 4. Bxc6 dxc6 5. 0-0 Bg4 6. d3 Qf6 7. Nbd2 0-0-0 8. h3 Bh5 9. Qe2 Re8 10. Qe3 Kb8 11. b3 Qh6 12. Nc4 f6 13. Qe1 g5 14. Nh2 Rd8 15. a4 Bc5 16. b4 Bd4 17. c3 Ba7 18. b5 cxb5 19. axb5 Rxd3 20. Be3 Bxe3 21. bxa6 Bb6 22. Qb1 Be2 23. Nxb6 cxb6 24. Qxb6 Qg7 25. Rfb1 Nh6 26. axb7 1-0

[Event "IECG CE.2004.0.00071 email"]
[Site "IECG email"]
[Date "2004.04.23"]
[Round "?"]
[White "Zonneveld, Will"]
[Black "Vasquez, Juan Carlos"]
[Result "0-1"]
[WhiteElo "1222"]
[BlackElo "1342"]
[PlyCount "108"]
[EventDate "2004.04.23"]
[EventType "tourn (corr)"]
[EventRounds "6"]
[SourceTitle "Corr 2008"]
[Source "ChessBase"]
[SourceDate "2008.06.24"]
[SourceVersion "1"]
[SourceVersionDate "2008.06.24"]
[SourceQuality "1"]

1. e4 c5 2. f4 e6 3. Nc3 Nc6 4. Nf3 d5 5. Bb5 d4 6. Bxc6+ bxc6 7. Ne2 d3 8. cxd3 Ba6 9. Nc3 Bxd3 10. Ne5 Ne7 11. Qf3 c4 12. b3 Ng6 13. Nxc4 Bxc4 14. bxc4 Bc5 15. Rb1 0-0 16. Na4 Bd4 17. Ba3 Re8 18. g3 Qa5 19. Qd1 Rab8 20. Rxb8 Rxb8 21. Rf1 Rb7 22. Rf3 Qh5 23. h4 Qg4 24. Nc3 Qh3 25. e5 a6 26. Qe2 Bxc3 27. Rxc3 Rb1+ 28. Bc1 Ra1 29. a3 a5 30. Kd1 Ra2 31. Qe4 h5 32. Qf3 Qh2 33. Re3 Ne7 34. Re2 Qg1+ 35. Re1 Qb6 36. Ke2 Nf5 37. Kf1 Qb1 38. Kg2 Nd4 39. Qxh5 Qd3 40. f5 Nxf5 41. Qf3 Qxc4 42. Qe4 Qxe4+ 43. Rxe4 Rc2 44. Re1 Nd4 45. a4 c5 46. Kf2 Nb3 47. Ba3 Ra2 48. Bc1 c4 49. g4 Nc5 50. Ke3 Nd3 51. Rf1 Rxa4 52. Kd4 Ra1 53. Kxc4 Nxc1 54. d4 a4 0-1